000 01102nam a2200289 i 4500
001 12408
003 ES-MaACL
005 20250801101059.0
007 t|
008 960228s1995 sp |||| |dspa j
020 _a84-7100-627-8
080 _a929 Viscardo y Guzmán, Juan Pablo
080 _a271.5(8=60)"17"
100 1 _aBatllori, Miguel.
_926460
245 1 3 _aEl abate Viscardo
_b: historia y mito de la intervención de los jesuitas en la independencia de Hispanoamérica /
_cMiguel Batllori.
250 _aNueva ed.
260 _aMadrid :
_bMAPFRE,
_c1995.
300 _a393 p. ;
_c23 cm.
490 1 _aRelaciones entre España y América ;
_v24
500 _aIncluye reprod. de: Carta dirijida a los españoles americanos / Juan Pablo Viscardo. Londres : P. Boyle, 1801.
600 1 4 _aViscardo y Guzmán, Juan Pablo.
_9115478
610 2 7 _aJesuitas-
_zAmérica española.
_9169003
700 1 _aViscardo y Guzmán, Juan Pablo.
_9115478
830 0 0 _aColección Relaciones entre España y América
_v24
_9179037
852 _aES-MaACL
_jL-19730
999 _c12408
_d12408